| 000 | 03050nam0a22003611 4500 | ||
|---|---|---|---|
| 001 | rc\3002240 | ||
| 005 | 20250530010549.0 | ||
| 035 | _a(NLR Aleph) 007145298 | ||
| 090 |
_a7096435 _c7096435 |
||
| 100 | _a20110920d1936 |||y0rusy50 ca | ||
| 101 | 0 | _arus | |
| 102 | _aRU | ||
| 105 | _ay z 000yy | ||
| 200 | 1 |
_aО рыбном садовом хозяйстве Обско-Иртышского Севера _e[сборник] _fЛопарев П.И., Судаков М.А., Юданова О.Н. _gпод ред. дир. ст. Станции Лопарева П. И _g[введ.: П. Лопарев] _gН.К.П.П. Обско-Тазовск. науч. рыбхоз. станция ВНИРО |
|
| 210 |
_aТобольск _cОбско-Тазовская научная рыбхозяйственная станция ВНИРО _d1936 _gТобол. тип. |
||
| 215 |
_aОбл., тит. л., 62 с. _d21х14 см |
||
| 320 | _aБиблиогр. в подстроч. примеч. | ||
| 327 | 1 | _aСодерж.: О рыбном садовом хозяйстве Обско-Иртышского Севера / Лопарев П.И. Сады Уватского района / Судаков М.А. Обследование садов в среднем течении Оби летом 1930 г. / Юданова О.Н. | |
| 464 | 0 |
_12001#$aО рыбном садовом хозяйстве Обско-Иртышского Севера _1700##$3RU\NLR\AUTH\770137175$aЛопарев$bП. И.$f1890-1938$gПлатон Ильич _tО рыбном садовом хозяйстве Обско-Иртышского Севера _aЛопарев, Платон Ильич (1890-1938) |
|
| 464 | 0 |
_12001#$aСады Уватского района _1700##$3RU\NLR\AUTH\770137183$aСудаков$bМ. А.$f1903-1955$gМихаил Алексеевич _tСады Уватского района _aСудаков, Михаил Алексеевич (1903-1955) |
|
| 464 | 0 |
_12001#$aОбследование садов в среднем течении Оби летом 1930 г. _1700##$3RU\NLR\AUTH\770137188$aЮданова$bО. Н.$gОльга Наумовна _tОбследование садов в среднем течении Оби летом 1930 г. _aЮданова, Ольга Наумовна |
|
| 606 | 1 |
_aРыбоводство садковое _yОбь-Иртышский бассейн _92200015 _3RU\NLR\AUTH\6601557025 |
|
| 617 |
_aСССР _mСибирь Западная _mОбь-Иртышский бассейн |
||
| 686 | _aП728-3(2Р53) | ||
| 700 | 1 |
_7ca _8rus _aЛопарев _bП. И. _f1890-1938 _gПлатон Ильич _9137140 _3RU\NLR\AUTH\770137175 |
|
| 701 | 1 |
_7ca _8rus _aСудаков _bМ. А. _f1903-1955 _gМихаил Алексеевич _9137148 _3RU\NLR\AUTH\770137183 |
|
| 701 | 1 |
_7ca _8rus _aЮданова _bО. Н. _gОльга Наумовна _9137153 _3RU\NLR\AUTH\770137188 |
|
| 801 | 0 |
_aRU _bNLR _gpsbo |
|
| 801 | 1 |
_aRU _bELAR _2rusmarc |
|
| 801 | 2 |
_aRU _bNLR _c20141008 _2rusmarc |
|
| 852 |
_aNLR _j36-10/843 |
||
| 942 | _cBOOK | ||
| 980 | _aNB | ||